00536nam a22001577a 450000500170000000800410001702000180005804100080007608200160008410000270010024500700012726000430019730000230024065000900026370000250035320250404172443.0250404b |||||||| |||| 00| 0 eng d a9798886130607 aeng a658.421 TAM aTamil Selvan, Ramadoss aSustainability for Beginners: Introduction and Business Prospects aSingaporebWorld Scientific Pub.c2024 a233;. pages: 23 cm aEntrepreneurship; Business Enterprises-Environmental Aspects; Sustainable Development aRamakrishna, Seeram